|
|
|
|
| LEADER |
00000nab a22000007a 4500 |
| 001 |
vtls010675647 |
| 003 |
SK-MaSNL |
| 005 |
20260304184456.0 |
| 008 |
250708s1998 xo |||||||||||||||||slo| |
| 035 |
|
|
|a (urnnbn)urn:nbn:sk:snk:ar-a06o3w
|
| 035 |
|
|
|a (uuid)ac41ac52-e854-4ca9-9958-710de2598d2e
|
| 035 |
|
|
|a urn:nbn:sk:snk-ab1abn
|
| 040 |
|
|
|a SNKBUCL
|b slo
|c SNKBUCL
|e AACR2
|
| 041 |
0 |
|
|a eng
|
| 044 |
|
|
|a xo
|c SK
|
| 100 |
1 |
|
|a Miklánek, Pavol,
|d 1954-
|4 aut
|9 109129
|
| 245 |
1 |
0 |
|a Department of Mountain Hydrology
|c Pavol Miklánek
|
| 773 |
0 |
|
|t Acta Hydrologica Slovaca
|g Č. 1 (1998), s. 246-248
|
| 850 |
|
|
|a Slovenská národná knižnica
|
| 852 |
|
|
|a Slovenská národná knižnica
|
| 954 |
|
|
|a odborná, vedecká literatúra pôvodná (slovenská)
|2 lita
|
| 958 |
|
|
|a article
|
| 958 |
|
|
|a OND
|
| 958 |
|
|
|a EUIPO
|
| 999 |
|
|
|c 3038310
|d 3040240
|